| 000 | 00787nam a2200205Ia 4500 | ||
|---|---|---|---|
| 005 | 20241216011459.0 | ||
| 008 | 190429s9999||||xx |||||||||||||| ||und|| | ||
| 082 |
_a657.3 _bS18 |
||
| 100 | _aSALCEDO RAMOS SINA SILVIA | ||
| 245 | 0 | _aHERRAMIENTAS FINANCIERAS Y SUS EFECTOS EN EL DESARROLLLO ECONOICO DE LAS PYMES DEL DISTRITO DE YANACANCHA | |
| 250 | _a0 | ||
| 260 |
_aCERRO DE PASCO-PERU _bUNDAC _c2015 |
||
| 300 |
_a83 pag. _c30 cm. |
||
| 341 | _h0 | ||
| 490 |
_v0 _a0 |
||
| 505 | _aPLANEAMIENTO DEL PROBLEMA DE INVESTIGACION, MARCO TEORICO CONCEPTUAL,METODOLOGIA Y TECNICAS DE INVESTIGACION ANALISIS E INTERPRETACION DE RESULTADOS OBTENIDOS, CONCLUSIONES Y RECOMENDACIONES | ||
| 541 |
_aD _bSALCEDO RAMOS SINA SILVIA _d26-Jul-16 _oSoles |
||
| 650 | _aContabilidad | ||
| 942 | _cTESIS | ||
| 999 |
_c43039 _d43039 |
||